Statistics for Overwatch Heroes

Click here to take the quiz!

General Stats

  • This quiz has been taken 40 times
  • The average score is 23 of 29

Answer Stats

Answer% Correct
HealerMercy
92%
DamageBastion
89%
DamageGenji
89%
DamageHanzo
89%
HealerLucio
89%
DamageMcCree
89%
DamageTracer
89%
HealerAna
86%
DamageWidowmaker
86%
DamageAshe
83%
DamageSoldier 76
83%
TankWinston
83%
HealerZenyatta
83%
HealerMoira
81%
TankOrisa
81%
DamageReaper
81%
TankReinhardt
81%
TankRoadhog
78%
DamageSombra
78%
TankD.VA
75%
DamageMei
75%
TankZarya
75%
DamageDoomfist
72%
DamageTorbjorn
72%
TankWrecking Ball
72%
DamagePharah
67%
DamageSymmetra
67%
HealerBrigitte
64%
DamageJunkrat
61%

Score Distribution

Percentile by Number Answered

Percent of People with Each Score

Your Score History

You have not taken this quiz